सर्वेक्षण यंत्र प्रौद्योगिकियां (Record no. 117897)

MARC details
000 -LEADER
fixed length control field 01413nam a22002657a 4500
005 - DATE AND TIME OF LATEST TRANSACTION
control field 20170124103102.0
010 ## - LIBRARY OF CONGRESS CONTROL NUMBER
LC control number A-909462
020 ## - INTERNATIONAL STANDARD BOOK NUMBER
Terms of availability 250.00
International Standard Book Number 8186409882
035 ## - SYSTEM CONTROL NUMBER
System control number A-909462
037 ## - SOURCE OF ACQUISITION
Source of stock number/acquisition Cen Lib/Ret
040 ## - CATALOGING SOURCE
Original cataloging agency DPL
Language of cataloging HN
082 ## - DEWEY DECIMAL CLASSIFICATION NUMBER
Classification number 681.76
Item number रायसु
100 ## - MAIN ENTRY--PERSONAL NAME
Personal name राय, सुरेन्द्र प्रसाद
9 (RLIN) 77376
245 ## - TITLE STATEMENT
Title सर्वेक्षण यंत्र प्रौद्योगिकियां
Statement of responsibility, etc सुरेन्द्र प्रसाद राय
Remainder of title सर्वेइंग इंस्ट्रूमेंट्स टेक्नोलॉजीज
246 ## - VARYING FORM OF TITLE
Title proper/short title surveying instruments technologies
Remainder of title by S.P. Roy
260 ## - PUBLICATION, DISTRIBUTION, ETC. (IMPRINT)
Place of publication, distribution, etc दिल्ली
Name of publisher, distributor, etc जनवाणी प्रकाशन
Date of publication, distribution, etc 1998
270 ## - ADDRESS
City दिल्ली
Address 30/22 ए, गली नं 9, विश्वास नगर शाहदरा
300 ## - PHYSICAL DESCRIPTION
Extent 248 पृ.
Dimensions 20 सेमी (सजिल्द)
Other physical details सचित्र
500 ## - GENERAL NOTE
General note अनुक्रमणिका शामिल
650 ## - SUBJECT ADDED ENTRY--TOPICAL TERM
Topical term or geographic name as entry element प्रौद्योगिकियां
9 (RLIN) 77377
650 ## - SUBJECT ADDED ENTRY--TOPICAL TERM
Topical term or geographic name as entry element प्रौद्योगिकियां--इंस्ट्रूमेंट्स टेक्नोलॉजीज
9 (RLIN) 77378
650 ## - SUBJECT ADDED ENTRY--TOPICAL TERM
Topical term or geographic name as entry element Technologies
9 (RLIN) 40725
650 ## - SUBJECT ADDED ENTRY--TOPICAL TERM
Topical term or geographic name as entry element Technologies - Instruments Technologies
9 (RLIN) 77379
942 ## - ADDED ENTRY ELEMENTS (KOHA)
Source of classification or shelving scheme Dewey Decimal Classification
Koha item type Hindi Books
Classification part 681.76
Call number suffix रायसु
Holdings
Withdrawn status Lost status Damaged status Not for loan Home library Current library Date acquired Source of acquisition Cost, normal purchase price Total Checkouts Full call number Barcode Date last seen Copy number Cost, replacement price Price effective from Koha item type
        Central Library Central Library 08/09/2015 Cen Lib/Ret 250.00   681.76 रायसु A-909462 08/09/2015 1 250.00 08/09/2015 Hindi Books

© Delhi Public Library
Hit Counter
free hit counter